| 000 | 00698naa a2200217 i 4500 | ||
|---|---|---|---|
| 001 | 39729 | ||
| 003 | ES-MaBCM | ||
| 005 | 20241016104232.0 | ||
| 008 | 960312s1995 esp 000 0 spa d | ||
| 021 | _axx | ||
| 035 | _a(OCoLC)1365128841 | ||
| 040 | _cES-MaBCM | ||
| 041 | 0 | _aspa | |
| 043 | _aita | ||
| 100 | 1 |
_aMadiedo Hontañón, María Teresa _928231 |
|
| 245 | 1 | 0 |
_aAlgunas consideraciones críticas relativas a la comparecencia obligatoria en el jucio de menor cuantía _cMaría Teresa Madiedo Hontañón |
| 650 | 2 | 7 |
_aJuicio de menor cuantía _959123 |
| 651 | 2 | 4 |
_aEspaña _9115342 |
| 773 | 0 |
_aEn: _tJusticia _dBarcelona : 1995 _w104456 _gn. 1-2, p. 95-103. - Loc. S.155 |
|
| 942 | _cAREV | ||
| 999 |
_c39729 _d39729 |
||